Guess the Brand By the Logo - Statistics

General Stats
  • This quiz has been taken 1,248 times
  • The average score is 15 of 16
Answer Stats
Picture Answer % Correct
Nike
100%
Netflix
99%
Adidas
97%
Facebook
96%
YouTube
96%
Minecraft
95%
TikTok
95%
Playstation
94%
Roblox
94%
Xbox
94%
Target
92%
Nintendo
90%
Walmart
89%
Gatorade
87%
Under Armour
81%
Crocs
69%
No matching quizzes found
Score Distribution
Percent of People with Each Score
Percentile by Number Answered
Your Score History
You have not taken this quiz